000 00668nam a2200241Ia 4500
003 OSt
005 20220918223526.0
006 a|||||r|||| 00| 0
007 ta
008 220917b |||||||| |||| 00| 0 eng d
024 _a223,227
037 _cTextual
040 _aARTS
_cARTS
_beng
041 _2eng
_aeng
082 _aW:5, N9
100 _aNess Peter Van Ed.
_9145938
245 0 _aDebating human rights
_b Critical essays from the United States and Asia
260 _aLondon
_bRoutledge
_c1999
300 _axi, 291p
_ccm.
650 _aPOLITICAL SCIENCE
942 _hW:5, N9
_cTEXL
_2CC
999 _c278695
_d278695